| 000 | 00448nam a2200169Ia 4500 | ||
|---|---|---|---|
| 999 |
_c33244 _d33244 |
||
| 003 | OSt | ||
| 005 | 20200904113622.0 | ||
| 008 | 190216s9999||||xx |||||||||||||| ||und|| | ||
| 040 | _coclc | ||
| 082 |
_a531 _bAGA/M |
||
| 100 |
_aAgarwal, B S _94435 |
||
| 245 | 0 |
_aMechanics / _cB S Agarwal |
|
| 260 |
_bKedernath Ramnath, _c1994. _aMeerut: |
||
| 300 | _a568p | ||
| 650 | _aPhysics | ||
| 942 |
_cBK _2ddc _h531 _iAGA/M _k531 _mAGA/M |
||